Stella Adadevoh… what change? Manteca… and other poems… : 10th and 9th years of poem of the week
Saved in:
| Main Author: | |
|---|---|
| Format: | Book |
| Language: | English |
| Published: |
Zenith BookHouse
2016.
|
| Tags: |
Add Tag
No Tags, Be the first to tag this record!
|
MARC
| LEADER | 00000nam a22000007a 4500 | ||
|---|---|---|---|
| 008 | 201218b ||||| |||| 00| 0 eng d | ||
| 020 | |a ISBN: 978-978-541-352-6 | ||
| 100 | |a OLADITAN, Lere | ||
| 245 | |a Stella Adadevoh… what change? Manteca… and other poems… : 10th and 9th years of poem of the week |c Lere Oladitan |g xiii, 190p.; ill. | ||
| 260 | |b Zenith BookHouse |c 2016. |h Ibadan: |i 689319 |l PS507.Ol1 |m Nigerian poetry (English). | ||
| 942 | |a lcc |c BK |e Olagoke, M.A |f 18/12/2020 | ||
| 952 | |0 0 |1 0 |2 lcc |4 0 |6 PR93879 O L1 |7 0 |9 869 |a HOL |b AC |d 2020-12-18 |l 0 |o PR9387.9 .Ol1 |p 2020-230083 |r 2020-12-18 00:00:00 |w 2020-12-18 |y BK | ||
| 952 | |0 0 |1 0 |2 lcc |4 0 |6 PR93879 O L1 |7 0 |9 870 |a HOL |b ART |c LP |d 2020-12-18 |l 0 |o PR9387.9 .Ol1 |p 2020-230084 |r 2020-12-18 00:00:00 |w 2020-12-18 |y BK | ||
| 952 | |0 0 |1 0 |2 lcc |4 0 |6 PS0507 M142 |7 0 |9 1961 |a HOL |b HOL |c LP |d 2021-01-26 |l 0 |o PS507 .M142 |r 2021-01-26 00:00:00 |w 2021-01-26 |y BK | ||
| 952 | |0 0 |1 0 |2 lcc |4 0 |6 PS0507 M142 |7 0 |9 1962 |a HOL |b HOL |c LP |d 2021-01-26 |l 0 |o PS507 .M142 |p 2021-5823 |r 2021-01-26 00:00:00 |w 2021-01-26 |y BK | ||
| 999 | |c 477 |d 477 | ||